Top 200 most populous towns and cities in England - Statistics

General Stats
  • This quiz has been taken 294 times
  • The average score is 101 of 200
Answer Stats
County Answer Population % Correct
Greater Manchester Manchester 570k
94%
Bristol Bristol 430k
93%
Merseyside Liverpool 510k
93%
Greater London London 8.8m
92%
West Midlands Birmingham 1.1m
91%
West Yorkshire Leeds 540k
91%
Leicestershire Leicester 410k
90%
Derbyshire Derby 280k
89%
Tyne and Wear Newcastle 290k
89%
Nottinghamshire Nottingham 300k
89%
Hampshire Southampton 250k
89%
East Sussex Brighton 280k
88%
Oxfordshire Oxford 170k
88%
South Yorkshire Sheffield 500k
88%
North Yorkshire York 140k
88%
Cambridgeshire Cambridge 150k
87%
Lincolnshire Lincoln 100k
87%
Norfolk Norwich 200k
87%
Devon Plymouth 270k
87%
Northamptonshire Northampton 240k
86%
Dorset Bournemouth 190k
85%
Cheshire Chester 95k
85%
Hampshire Portsmouth 220k
85%
Berkshire Reading 200k
85%
Gloucestershire Gloucester 120k
84%
Bedfordshire Bedford 100k
83%
Staffordshire Stoke 260k
83%
Lancashire Blackpool 150k
81%
West Yorkshire Bradford 330k
81%
Durham Durham 51k
81%
East Riding of Yorkshire Hull 270k
81%
Suffolk Ipswich 150k
81%
Tyne and Wear Sunderland 170k
81%
West Midlands Wolverhampton 230k
81%
Cumbria Carlisle 80k
80%
Devon Exeter 130k
80%
Bedfordshire Luton 230k
80%
North Yorkshire Middlesbrough 150k
80%
Essex Colchester 130k
79%
Worcestershire Worcester 110k
78%
West Midlands Coventry 340k
77%
Herefordshire Hereford 60k
77%
Cambridgeshire Peterborough 190k
77%
Somerset Bath 95k
75%
Lancashire Preston 95k
75%
Greater Manchester Wigan 80k
75%
Lancashire Blackburn 120k
74%
Greater Manchester Bolton 180k
73%
South Yorkshire Doncaster 85k
73%
Buckinghamshire Milton Keynes 260k
73%
Greater Manchester Salford 110k
73%
Essex Southend 180k
73%
Wiltshire Swindon 180k
72%
West Yorkshire Huddersfield 140k
71%
Hertfordshire Watford 130k
70%
Gloucestershire Cheltenham 120k
68%
Berkshire Slough 170k
68%
Lancashire Burnley 80k
67%
Essex Chelmsford 110k
67%
Lincolnshire Grimsby 85k
67%
Shropshire Shrewsbury 75k
66%
Staffordshire Stafford 72k
66%
Greater Manchester Stockport 120k
66%
Dorset Poole 140k
65%
Greater Manchester Bury 80k
64%
East Sussex Hastings 90k
64%
Lancashire Lancaster 53k
64%
Greater Manchester Oldham 110k
64%
West Sussex Crawley 120k
62%
Cheshire Crewe 74k
62%
Durham Darlington 95k
62%
East Sussex Eastbourne 100k
62%
Kent Gillingham 110k
62%
South Yorkshire Barnsley 71k
61%
South Yorkshire Rotherham 72k
61%
Shropshire Telford 160k
61%
Surrey Woking 75k
61%
Greater Manchester Rochdale 110k
60%
Derbyshire Chesterfield 75k
59%
Kent Maidstone 110k
59%
Devon Torquay 52k
59%
Buckinghamshire High Wycombe 85k
58%
Nottinghamshire Mansfield 63k
58%
Cheshire Warrington 170k
58%
Durham Hartlepool 90k
57%
Merseyside Southport 95k
57%
Hampshire Basingstoke 120k
56%
Merseyside Birkenhead 110k
56%
Kent Canterbury 55k
56%
Tyne and Wear Gateshead 120k
56%
Lincolnshire Scunthorpe 80k
56%
West Yorkshire Wakefield 100k
56%
Hampshire Winchester 48k
56%
Wiltshire Salisbury 48k
55%
West Midlands Solihull 110k
55%
Hertfordshire Stevenage 95k
55%
Cumbria Barrow-in-Furness 55k
54%
West Midlands Dudley 64k
54%
Surrey Guildford 80k
54%
North Yorkshire Harrogate 75k
53%
Lincolnshire Boston 45k
52%
West Yorkshire Halifax 90k
52%
Hertfordshire St Albans 75k
51%
West Midlands West Bromwich 100k
51%
Buckinghamshire Aylesbury 90k
50%
Cheshire Macclesfield 54k
50%
West Midlands Sutton Coldfield 95k
50%
Somerset Taunton 62k
50%
West Midlands Walsall 71k
50%
Somerset Weston-Super-Mare 85k
50%
Leicestershire Loughborough 65k
48%
Warwickshire Nuneaton 90k
48%
Warwickshire Rugby 80k
48%
Merseyside St Helens 110k
48%
Staffordshire Burton 75k
47%
Somerset Yeovil 50k
47%
Essex Basildon 120k
46%
Berkshire Maidenhead 67k
46%
West Sussex Worthing 110k
46%
Kent Margate 63k
45%
Durham Stockton-on-Tees 85k
45%
Hampshire Eastleigh 48k
44%
Norfolk King's Lynn 48k
44%
Tyne and Wear South Shields 73k
43%
Hertfordshire Hemel Hempstead 100k
42%
North Yorkshire Scarborough 60k
42%
Kent Tunbridge Wells 51k
42%
Kent Rochester 67k
40%
Kent Ashford 80k
39%
Northamptonshire Kettering 63k
39%
Dorset Weymouth 56k
39%
Kent Folkestone 52k
38%
Worcestershire Kidderminster 58k
38%
Warwickshire Leamington Spa 51k
38%
Oxfordshire Banbury 52k
36%
Cheshire Runcorn 62k
35%
Kent Chatham 75k
34%
Kent Gravesend 58k
34%
Greater Manchester Sale 63k
34%
Hampshire Gosport 70k
33%
Staffordshire Tamworth 75k
33%
Northamptonshire Corby 68k
32%
Kent Dartford 69k
32%
Hampshire Farnborough 61k
32%
Lincolnshire Grantham 45k
32%
West Sussex Bognor Regis 68k
31%
Essex Harlow 95k
31%
Suffolk Lowestoft 71k
31%
Essex Clacton-on-Sea 53k
30%
Hampshire Andover 48k
28%
Berkshire Bracknell 80k
28%
Cheshire Widnes 60k
28%
Greater Manchester Altrincham 50k
27%
Merseyside Wallasey 85k
27%
West Yorkshire Dewsbury 64k
26%
Hampshire Havant 47k
26%
Worcestershire Redditch 80k
26%
Tyne and Wear Washington 51k
26%
Merseyside Bootle 54k
25%
West Sussex Horsham 50k
25%
Hertfordshire Welwyn Garden City 52k
25%
Cheshire Ellesmere Port 65k
24%
Dorset Christchurch 49k
23%
West Midlands Stourbridge 57k
23%
Tyne and Wear Tynemouth 61k
23%
Staffordshire Newcastle-under-Lyme 75k
22%
West Yorkshire Castleford 45k
21%
West Yorkshire Keighley 49k
21%
Greater Manchester Leigh 45k
21%
Berkshire Wokingham 50k
21%
Essex Grays 44k
20%
West Midlands Halesowen 60k
19%
West Yorkshire Batley 45k
16%
Greater Manchester Ashton-under-Lyne 49k
15%
Essex Brentwood 55k
15%
Wiltshire Trowbridge 44k
15%
Northamptonshire Wellingborough 54k
15%
Staffordshire Cannock 63k
13%
Merseyside Crosby 50k
13%
Leicestershire Hinckley 51k
13%
Tyne and Wear Wallsend 45k
13%
Buckinghamshire Bletchley 45k
11%
Somerset Bridgwater 48k
11%
Merseyside Kirkby 46k
11%
East Sussex Bexhill 44k
10%
Merseyside Huyton 60k
10%
Devon Painton 68k
10%
Kent Sittingbourne 54k
10%
West Midlands Smethwick 56k
10%
Nottinghamshire Beeston 52k
8%
Merseyside Bebington 58k
7%
Hertfordshire Cheshunt 44k
7%
Nottinghamshire Carlton 54k
6%
Greater Manchester Middleton 47k
6%
West Midlands Tipton 47k
6%
West Midlands Kingswinford 52k
5%
West Midlands Oldbury 45k
5%
West Midlands Willenhall 50k
5%
West Midlands Bloxwich 52k
4%
Surrey West Molesey 47k
0%
No matching quizzes found
Score Distribution
Percent of People with Each Score
Percentile by Number Answered
Your Score History
You have not taken this quiz